Алгоритмы и структуры данных: учебное пособие

Bibliografiske detaljer
Hovedforfatter: Мясникова Н. А. Нелли Александровна
Summary:В учебном пособии представлены основные положения и типовые решения по конструированию, созданию сложных структур данных (линейных и древовидных), необходимость в которых возникает при решении различных практических задач. Также даны классические алгоритмы обработки данных (сортировка и поиск), приведены примеры работы этих алгоритмов, что позволяет получить практические навыки по использованию основных алгоритмов обработки данных. Соответствует ФГОС ВО последнего поколения.
Sprog:russisk
Udgivet: Москва, Кнорус, 2023
Serier:Бакалавриат
Fag:
Format: MixedMaterials Bog
KOHA link:https://koha.lib.tpu.ru/cgi-bin/koha/opac-detail.pl?biblionumber=679725

MARC

LEADER 00000nam0a2200000 4500
001 679725
005 20250512113057.0
010 |a 978-5-406-10688-4 
090 |a 679725 
100 |a 20250416d2023 m||y0rusy50 ca 
101 0 |a rus 
102 |a RU 
105 |a a j 001yy 
181 0 |a i   |b  e  
182 0 |a n 
183 0 |a nc  |2 RDAcarrier 
200 1 |a Алгоритмы и структуры данных  |e учебное пособие  |f Н. А. Мясникова 
203 |a Текст  |b визуальный  |c непосредственный 
210 |a Москва  |c Кнорус  |d 2023 
215 |a 185 с.  |c ил. 
225 1 |a Бакалавриат 
283 |a volume  |2 RDAcarrier 
320 |a Библиографический список: с. 184-185 
330 |a В учебном пособии представлены основные положения и типовые решения по конструированию, созданию сложных структур данных (линейных и древовидных), необходимость в которых возникает при решении различных практических задач. Также даны классические алгоритмы обработки данных (сортировка и поиск), приведены примеры работы этих алгоритмов, что позволяет получить практические навыки по использованию основных алгоритмов обработки данных. Соответствует ФГОС ВО последнего поколения. 
606 1 |a Базы данных  |9 51601 
610 1 |a линейные списки 
610 1 |a древовидные структуры 
610 1 |a сортировка 
610 1 |a поиск 
610 1 |a хеширование 
610 1 |a хеш-таблицы 
610 1 |a учебные пособия 
675 |a 004.65(075.8)  |v 4 
700 1 |a Мясникова  |b Н. А.  |g Нелли Александровна 
801 0 |a RU  |b 63413507  |c 20250415 
850 |a 63413507 
942 |c BK